[Event "FIN-chT1B 1617"]
[Site "Finland"]
[Date "2016.09.18"]
[Round "2.2"]
[White "Joentausta, Hannu"]
[Black "Puranen, Jukka"]
[Result "1/2-1/2"]
[WhiteElo "2128"]
[BlackElo "2249"]
[PlyCount "70"]
[EventDate "2016.09.17"]
[EventType "team-tourn"]
[EventRounds "7"]
[EventCountry "FIN"]
[SourceTitle "EXT 2019"]
[Source "ChessBase"]
[SourceDate "2018.10.10"]
[SourceVersion "1"]
[SourceVersionDate "2018.10.10"]
[SourceQuality "1"]
[WhiteTeam "Lahti S"]
[BlackTeam "Kotka KymS"]
[WhiteTeamCountry "FIN"]
[BlackTeamCountry "FIN"]

1. e4 Nf6 2. e5 Nd5 3. d4 d6 4. Nf3 Bg4 5. Be2 c6 6. exd6 exd6 7. 0-0 Be7 8. h3 Bh5 9. Re1 0-0 10. Nbd2 Nd7 11. Nf1 Re8 12. Ng3 Bg6 13. Bd3 Bf8 14. Bxg6 hxg6 15. c4 N5b6 16. b3 Nf6 17. Bg5 d5 18. Qd3 Qc7 19. Bxf6 gxf6 20. h4 Qf4 21. h5 Kg7 22. Re2 Rxe2 23. Qxe2 Rd8 24. c5 Nc8 25. hxg6 fxg6 26. Re1 Ne7 27. Qe6 Ng8 28. b4 a6 29. a4 Qc7 30. Qg4 Kh7 31. Nh4 Qf7 32. Re6 Nh6 33. Qe2 Rd7 34. Re3 Re7 35. Nf3 Kg7 1/2-1/2

[Event "FIN-chT2 Gp3 1516"]
[Site "Finland"]
[Date "2015.10.10"]
[Round "3.2"]
[White "Joentausta, Hannu"]
[Black "Pulkkanen, Anssi Tapio"]
[Result "1/2-1/2"]
[WhiteElo "2145"]
[BlackElo "1965"]
[PlyCount "107"]
[EventDate "2015.09.12"]
[EventType "team-tourn"]
[EventRounds "6"]
[EventCountry "FIN"]
[SourceTitle "EXT 2017"]
[Source "ChessBase"]
[SourceDate "2016.10.25"]
[SourceVersion "1"]
[SourceVersionDate "2016.10.25"]
[SourceQuality "1"]
[WhiteTeam "Lahti S"]
[BlackTeam "Helsinki X"]
[WhiteTeamCountry "FIN"]
[BlackTeamCountry "FIN"]

1. e4 d6 2. d4 Nf6 3. Nc3 g6 4. f4 Bg7 5. Nf3 0-0 6. e5 Ng4 7. Bc4 dxe5 8. fxe5 c5 9. h3 cxd4 10. hxg4 dxc3 11. Qxd8 Rxd8 12. Ng5 e6 13. Nf3 Nc6 14. Bg5 cxb2 15. Rb1 Rd7 16. Bf6 a6 17. Rxb2 b5 18. Bd3 Bb7 19. Kf2 Ne7 20. Ng5 h6 21. Ne4 Bxe4 22. Bxe4 Rc8 23. Rb3 Rc4 24. Kf3 Nc6 25. Rd3 Bxf6 26. Bxc6 Rxd3+ 27. cxd3 Rxc6 28. exf6 e5 29. Rxh6 Rxf6+ 30. Ke4 Rf2 31. Kxe5 Rxa2 32. d4 b4 33. Rh3 Rd2 34. d5 a5 35. Rb3 Kf8 36. Kd6 Ke8 37. Re3+ Kd8 38. Rf3 a4 39. Rxf7 Kc8 40. Rc7+ Kb8 41. Rc4 Rb2 42. Kc6 a3 43. d6 Kc8 44. d7+ Kd8 45. Kd6 Rd2+ 46. Ke6 Rxd7 47. Rxb4 Ra7 48. Rb1 a2 49. Ra1 Ra6+ 50. Kf7 g5 51. Rd1+ Kc7 52. Ra1 Kd7 53. Kg7 Ke7 54. g3 1/2-1/2

[Event "FIN-chT1B 1415"]
[Site "Finland"]
[Date "2014.11.16"]
[Round "4.2"]
[White "Lehtosaari, Mauri"]
[Black "Joentausta, Hannu"]
[Result "1-0"]
[WhiteElo "2140"]
[BlackElo "2143"]
[PlyCount "107"]
[EventDate "2014.09.27"]
[EventType "team-tourn"]
[EventRounds "7"]
[EventCountry "FIN"]
[SourceTitle "EXT 2017"]
[Source "ChessBase"]
[SourceDate "2016.10.25"]
[SourceVersion "1"]
[SourceVersionDate "2016.10.25"]
[SourceQuality "1"]
[WhiteTeam "Kotka KymS"]
[BlackTeam "Lahti S"]
[WhiteTeamCountry "FIN"]
[BlackTeamCountry "FIN"]

1. c4 e5 2. g3 g6 3. Bg2 Bg7 4. Nc3 Nc6 5. d3 Nge7 6. e3 d6 7. Nge2 0-0 8. Rb1 a5 9. a3 Be6 10. Nd5 Qd7 11. 0-0 f5 12. f4 Rfc8 13. Nec3 Nd8 14. Bd2 Ra6 15. b4 axb4 16. axb4 Rca8 17. b5 Ra3 18. Nxe7+ Qxe7 19. Nd5 Bxd5 20. Bxd5+ Kh8 21. Bc1 R3a4 22. Bf3 Ra2 23. fxe5 Qxe5 24. d4 Qe7 25. Rf2 h5 26. Rxa2 Rxa2 27. Qb3 Ra8 28. Bb2 Kh7 29. Ra1 Rxa1+ 30. Bxa1 b6 31. Qd3 Ne6 32. Bc3 Ng5 33. Bd5 Ne4 34. Bb4 Bh6 35. Bxe4 fxe4 36. Qe2 Qg5 37. Bd2 Qf5 38. Kg2 Bg5 39. h3 Be7 40. Bb4 Kg7 41. Bc3 Kh7 42. g4 hxg4 43. hxg4 Qg5 44. d5 Bf6 45. Bxf6 Qxf6 46. Qf2 Qc3 47. Qf7+ Kh6 48. Qf4+ Kh7 49. Qxe4 Qd2+ 50. Kh3 Qe2 51. Qe7+ Kh6 52. g5+ Kh5 53. Qh7+ Kxg5 54. Qh4+ 1-0

[Event "FIN-chT1B 1415"]
[Site "Finland"]
[Date "2014.11.15"]
[Round "3.2"]
[White "Joentausta, Hannu"]
[Black "Haapasalo, Jukka Pekka"]
[Result "1/2-1/2"]
[WhiteElo "2143"]
[BlackElo "2084"]
[PlyCount "20"]
[EventDate "2014.09.27"]
[EventType "team-tourn"]
[EventRounds "7"]
[EventCountry "FIN"]
[SourceTitle "EXT 2017"]
[Source "ChessBase"]
[SourceDate "2016.10.25"]
[SourceVersion "1"]
[SourceVersionDate "2016.10.25"]
[SourceQuality "1"]
[WhiteTeam "Lahti S"]
[BlackTeam "Helsinki KSK"]
[WhiteTeamCountry "FIN"]
[BlackTeamCountry "FIN"]

1. e4 c5 2. Nf3 e6 3. d4 cxd4 4. Nxd4 a6 5. Nc3 Qc7 6. Be3 Bb4 7. Nde2 Nf6 8. a3 Bc5 9. Bxc5 Qxc5 10. Qd4 Qc7 1/2-1/2

[Event "FIN-chT1 East 1314"]
[Site "Finland"]
[Date "2014.02.08"]
[Round "6.3"]
[White "Makinen, Ilkka"]
[Black "Joentausta, Hannu"]
[Result "1/2-1/2"]
[WhiteElo "2111"]
[BlackElo "2153"]
[PlyCount "63"]
[EventDate "2013.09.21"]
[EventType "team-tourn"]
[EventRounds "9"]
[EventCountry "FIN"]
[SourceTitle "EXT 2022"]
[Source "ChessBase"]
[SourceDate "2021.10.06"]
[SourceVersion "1"]
[SourceVersionDate "2021.10.06"]
[SourceQuality "1"]
[WhiteTeam "Helsinki HSK II"]
[BlackTeam "Lahti S"]
[WhiteTeamCountry "FIN"]
[BlackTeamCountry "FIN"]

1. e4 c5 2. Nf3 d6 3. c3 g6 4. d4 cxd4 5. cxd4 Bg7 6. Nc3 Nf6 7. Bb5+ Nfd7 8. 0-0 0-0 9. Re1 Nc6 10. Bg5 h6 11. Be3 a6 12. Ba4 Nb6 13. Bb3 Bg4 14. Rc1 Na5 15. Bc2 Rc8 16. Bd3 Nbc4 17. Qe2 b5 18. Nd5 Nxe3 19. Rxc8 Bxc8 20. Nxe3 Nc6 21. d5 Nd4 22. Nxd4 Bxd4 23. Qd2 Qb6 24. Nc2 Bg7 25. Nb4 Bd7 26. Rc1 Rc8 27. Rxc8+ Bxc8 28. Qc2 Qc5 29. Nc6 Qxc2 30. Bxc2 Kf8 31. b3 Bb7 32. a4 1/2-1/2

[Event "FIN-chT1 East 1314"]
[Site "Finland"]
[Date "2013.11.03"]
[Round "4.2"]
[White "Joentausta, Hannu"]
[Black "Nippula, Timo"]
[Result "1/2-1/2"]
[WhiteElo "2153"]
[BlackElo "2221"]
[PlyCount "27"]
[EventDate "2013.09.21"]
[EventType "team-tourn"]
[EventRounds "9"]
[EventCountry "FIN"]
[SourceTitle "EXT 2022"]
[Source "ChessBase"]
[SourceDate "2021.10.06"]
[SourceVersion "1"]
[SourceVersionDate "2021.10.06"]
[SourceQuality "1"]
[WhiteTeam "Lahti S"]
[BlackTeam "Kotka KymS"]
[WhiteTeamCountry "FIN"]
[BlackTeamCountry "FIN"]

1. d4 Nf6 2. c4 c5 3. Nf3 cxd4 4. Nxd4 Nc6 5. Nc3 g6 6. e4 d6 7. Be2 Bg7 8. Be3 0-0 9. 0-0 a6 10. Rc1 Re8 11. h3 Bd7 12. f4 Rc8 13. Nb3 Na5 14. e5 1/2-1/2

[Event "FIN-chT1B 1112"]
[Site "Finland"]
[Date "2012.03.10"]
[Round "7.1"]
[White "Joentausta, Hannu"]
[Black "Pitkaaho, Aki"]
[Result "0-1"]
[WhiteElo "2162"]
[BlackElo "2137"]
[PlyCount "84"]
[EventDate "2011.09.17"]
[EventType "team-tourn"]
[EventRounds "7"]
[EventCountry "FIN"]
[SourceTitle "EXT 2019"]
[Source "ChessBase"]
[SourceDate "2018.10.10"]
[SourceVersion "1"]
[SourceVersionDate "2018.10.10"]
[SourceQuality "1"]
[WhiteTeam "Lahti S"]
[BlackTeam "Raahe Li"]
[WhiteTeamCountry "FIN"]
[BlackTeamCountry "FIN"]

1. e4 e6 2. d4 d5 3. Nc3 Nf6 4. Bg5 Be7 5. e5 Nfd7 6. Bxe7 Qxe7 7. f4 0-0 8. Nf3 c5 9. Qd2 Nc6 10. dxc5 Qxc5 11. 0-0-0 Nb6 12. Kb1 Bd7 13. Bd3 Nb4 14. h4 Rfc8 15. h5 Na4 16. Nxa4 Bxa4 17. Rc1 Bb5 18. h6 Bxd3 19. cxd3 Qb5 20. d4 Qd3+ 21. Qxd3 Nxd3 22. Rxc8+ Rxc8 23. g3 gxh6 24. a3 Kg7 25. Rf1 Kg6 26. Nd2 Kf5 27. Rh1 Kg4 28. Rxh6 Rc1+ 29. Ka2 Rc2 30. Nf1 Rxb2+ 31. Ka1 Re2 32. Nh2+ Kxg3 33. Nf1+ Kg2 34. Nh2 Re1+ 35. Ka2 Rh1 36. Ng4 Rxh6 37. Nxh6 Nxf4 38. Kb3 Kf3 39. Nxf7 h5 40. Kc3 h4 41. Kd2 h3 42. Ng5+ Kf2 0-1

[Event "FIN-chT1B 1112"]
[Site "Finland"]
[Date "2011.11.19"]
[Round "3.1"]
[White "Pudas, Teemu"]
[Black "Joentausta, Hannu"]
[Result "1-0"]
[WhiteElo "2260"]
[BlackElo "2162"]
[PlyCount "39"]
[EventDate "2011.09.17"]
[EventType "team-tourn"]
[EventRounds "7"]
[EventCountry "FIN"]
[SourceTitle "EXT 2019"]
[Source "ChessBase"]
[SourceDate "2018.10.10"]
[SourceVersion "1"]
[SourceVersionDate "2018.10.10"]
[SourceQuality "1"]
[WhiteTeam "Espoo ESK"]
[BlackTeam "Lahti S"]
[WhiteTeamCountry "FIN"]
[BlackTeamCountry "FIN"]

1. e4 d6 2. d4 Nf6 3. Nc3 g6 4. f4 Bg7 5. Nf3 0-0 6. Bd3 Na6 7. 0-0 c5 8. d5 Rb8 9. Kh1 Nc7 10. a4 b6 11. Qe2 a6 12. Ra3 e6 13. dxe6 fxe6 14. e5 Nfd5 15. exd6 Qxd6 16. Ne4 Qe7 17. Ne5 Bb7 18. Ng5 Ne8 19. Nxh7 Bxe5 20. Nxf8 1-0

[Event "FIN-chT1B 1112"]
[Site "Finland"]
[Date "2011.09.17"]
[Round "1"]
[White "Anttila, Perttu"]
[Black "Joentausta, Hannu"]
[Result "1-0"]
[WhiteElo "2129"]
[BlackElo "2162"]
[PlyCount "91"]
[EventDate "2011.09.17"]
[EventType "team-tourn"]
[EventRounds "7"]
[EventCountry "FIN"]
[SourceTitle "EXT 2019"]
[Source "ChessBase"]
[SourceDate "2018.10.10"]
[SourceVersion "1"]
[SourceVersionDate "2018.10.10"]
[SourceQuality "1"]
[WhiteTeam "Vantaa EtVaS II"]
[BlackTeam "Lahti S"]
[WhiteTeamCountry "FIN"]
[BlackTeamCountry "FIN"]

1. e4 c5 2. Nc3 Nc6 3. f4 g6 4. Nf3 Bg7 5. Bc4 Nd4 6. 0-0 e6 7. e5 d5 8. Nxd4 cxd4 9. Bb5+ Kf8 10. Ne2 Ne7 11. Nxd4 Qb6 12. c3 Nf5 13. Qa4 Kg8 14. Kh1 Nxd4 15. cxd4 h5 16. Rf3 a6 17. Be2 Qa7 18. Rc3 Kh7 19. Rc7 Rf8 20. Qb4 Kg8 21. b3 Re8 22. Bb2 Bf8 23. Qc3 Rd8 24. Rc1 Bd7 25. Qg3 Bg7 26. Qg5 Be8 27. Bd3 Qb6 28. Bxg6 fxg6 29. Qe7 Rd7 30. Rxd7 Bxd7 31. Qxd7 Qb5 32. Qxe6+ Kh7 33. f5 gxf5 34. Qxf5+ Kh6 35. d3 Rf8 36. Qe6+ Kh7 37. Qh3 Qa5 38. Qxh5+ Kg8 39. Qe2 Qxa2 40. e6 Qxb3 41. e7 Re8 42. Rf1 Qb6 43. Ba3 Qg6 44. Qf3 Qe6 45. Qh5 Qc6 46. Qf7+ 1-0

[Event "FIN-chT1B 0910"]
[Site "Finland"]
[Date "2010.03.20"]
[Round "7.2"]
[White "Jouhki, Yrjo Markus"]
[Black "Joentausta, Hannu"]
[Result "1-0"]
[WhiteElo "2279"]
[BlackElo "2162"]
[PlyCount "81"]
[EventDate "2009.09.19"]
[EventType "team-tourn"]
[EventRounds "9"]
[EventCountry "FIN"]
[SourceTitle "EXT 2022"]
[Source "ChessBase"]
[SourceDate "2021.10.06"]
[SourceVersion "1"]
[SourceVersionDate "2021.10.06"]
[SourceQuality "1"]
[WhiteTeam "Joensuu SK"]
[BlackTeam "Lahti S"]
[WhiteTeamCountry "FIN"]
[BlackTeamCountry "FIN"]

1. Nf3 Nf6 2. g3 g6 3. Bg2 Bg7 4. 0-0 0-0 5. c4 c5 6. d4 Nc6 7. d5 Na5 8. Nfd2 d6 9. Nc3 Rb8 10. Qc2 a6 11. b3 b5 12. Rb1 e6 13. Bb2 Qc7 14. h3 Bd7 15. Kh2 bxc4 16. bxc4 e5 17. Nd1 Rb4 18. Bc3 Rxb1 19. Qxb1 Nb7 20. f4 Re8 21. e3 Bc8 22. Qd3 Qe7 23. fxe5 dxe5 24. e4 Nd6 25. Qe3 Qc7 26. Nf2 a5 27. Rc1 Ba6 28. Bb2 Nd7 29. Ba3 Rc8 30. h4 f5 31. Nd3 fxe4 32. Nf2 Nf5 33. Qxe4 Nf6 34. Qd3 Nd4 35. Nde4 Nd7 36. Ng5 Rf8 37. Nfe4 Qc8 38. Bh3 h6 39. Be6+ Kh8 40. Nd6 Qd8 41. Ndf7+ 1-0

[Event "FIN-chT1B 0809"]
[Site "Finland"]
[Date "2009.??.??"]
[Round "4.1"]
[White "Joentausta, Hannu"]
[Black "Ebeling, Mika"]
[Result "1/2-1/2"]
[WhiteElo "2174"]
[BlackElo "2365"]
[PlyCount "88"]
[EventDate "2008.10.??"]
[EventType "team-tourn"]
[EventRounds "5"]
[EventCountry "FIN"]
[SourceTitle "EXT 2022"]
[Source "ChessBase"]
[SourceDate "2021.10.06"]
[SourceVersion "1"]
[SourceVersionDate "2021.10.06"]
[SourceQuality "1"]
[WhiteTeam "Lahti S"]
[BlackTeam "Espoo MatSK II"]
[WhiteTeamCountry "FIN"]
[BlackTeamCountry "FIN"]

1. e4 e5 2. Nf3 Nf6 3. Nxe5 d6 4. Nf3 Nxe4 5. Nc3 Nxc3 6. dxc3 Be7 7. Bf4 0-0 8. Qd2 Nd7 9. 0-0-0 Nc5 10. Nd4 Re8 11. Re1 c6 12. Kb1 Ne6 13. Be3 Nxd4 14. cxd4 Be6 15. Bd3 a5 16. f4 Qd7 17. Rhf1 Bf5 18. h3 Bh4 19. Rd1 d5 20. Bf2 Bxd3 21. Qxd3 Bxf2 22. Rxf2 Re4 23. f5 f6 24. Qc3 Qe7 25. Rff1 a4 26. a3 Re8 27. Qa5 b5 28. Qc3 Qd7 29. Rde1 h5 30. Rxe4 Rxe4 31. Qf3 Qe8 32. Qc3 Re3 33. Qa5 Re2 34. g4 h4 35. g5 fxg5 36. f6 gxf6 37. Rxf6 Re6 38. Rf5 Qe7 39. Qd2 Rg6 40. Re5 Qf6 41. Qe2 Kg7 42. Qg4 Qf1+ 43. Ka2 Qc4+ 44. Kb1 Qf1+ 1/2-1/2

[Event "Heart of Finland op 16th"]
[Site "Jyvaskyla"]
[Date "2006.07.15"]
[Round "8"]
[White "Tonteri, Ari"]
[Black "Joentausta, Hannu"]
[Result "0-1"]
[WhiteElo "1993"]
[BlackElo "2150"]
[PlyCount "66"]
[EventDate "2006.07.07"]
[EventType "swiss"]
[EventRounds "9"]
[EventCountry "FIN"]
[SourceTitle "EXT 2022"]
[Source "ChessBase"]
[SourceDate "2021.10.06"]
[SourceVersion "1"]
[SourceVersionDate "2021.10.06"]
[SourceQuality "1"]

1. e4 c5 2. Nf3 Nc6 3. d4 cxd4 4. Nxd4 a6 5. Nc3 d6 6. Bc4 e6 7. Be3 Nf6 8. Bb3 Be7 9. Qe2 Qc7 10. 0-0-0 Bd7 11. g4 Nxd4 12. Rxd4 Bc6 13. g5 Nd7 14. f4 Nc5 15. Rg1 0-0-0 16. f5 Kb8 17. Qg4 Qc8 18. Rd2 Bd7 19. fxe6 fxe6 20. Qg3 Qc6 21. e5 Nxb3+ 22. axb3 d5 23. Bf4 Be8 24. h4 Bg6 25. Ne2 Bc5 26. Rgd1 Rc8 27. Nc3 d4 28. Na4 Bb4 29. c3 dxc3 30. bxc3 Qe4 31. Rd3 Rhd8 32. Qe3 Rxd3 33. Rxd3 Qxd3 0-1

[Event "FIN-ch"]
[Site "Lahti"]
[Date "2005.06.22"]
[Round "9"]
[White "Joentausta, Hannu"]
[Black "Molander, Riku"]
[Result "1/2-1/2"]
[WhiteElo "2162"]
[BlackElo "2336"]
[PlyCount "32"]
[EventDate "2005.06.14"]
[EventType "swiss"]
[EventRounds "9"]
[EventCountry "FIN"]
[SourceTitle "EXT 2007"]
[Source "ChessBase"]
[SourceDate "2006.11.23"]
[SourceVersion "1"]
[SourceVersionDate "2006.11.23"]
[SourceQuality "1"]

1. e4 e6 2. d4 d5 3. Nc3 Nf6 4. Bg5 Bb4 5. e5 h6 6. Bd2 Bxc3 7. bxc3 Ne4 8. Qg4 g6 9. Bd3 Nxd2 10. Kxd2 c5 11. Nf3 Nc6 12. Qf4 Qa5 13. Rhb1 c4 14. Be2 Qa3 15. h4 Rb8 16. Qf6 Rh7 1/2-1/2

[Event "FIN-ch"]
[Site "Lahti"]
[Date "2005.06.15"]
[Round "2"]
[White "Sisatto, Olli"]
[Black "Joentausta, Hannu"]
[Result "1-0"]
[WhiteElo "2200"]
[BlackElo "2162"]
[PlyCount "193"]
[EventDate "2005.06.14"]
[EventType "swiss"]
[EventRounds "9"]
[EventCountry "FIN"]
[SourceTitle "EXT 2007"]
[Source "ChessBase"]
[SourceDate "2006.11.23"]
[SourceVersion "1"]
[SourceVersionDate "2006.11.23"]
[SourceQuality "1"]

1. d4 Nf6 2. c4 e6 3. Nf3 b6 4. g3 Bb7 5. Bg2 Be7 6. Nc3 0-0 7. Qc2 d5 8. cxd5 exd5 9. 0-0 Nbd7 10. Bf4 c5 11. Rad1 Qc8 12. Bh3 Bc6 13. Ne5 Qb7 14. Nxc6 Qxc6 15. Bg2 Rac8 16. Qf5 Qe6 17. Nxd5 Nxd5 18. Qxd5 Qxd5 19. Bxd5 Nf6 20. Bb7 Rcd8 21. dxc5 Bxc5 22. h3 h6 23. g4 Rfe8 24. e3 a5 25. Bc6 Rf8 26. Kg2 Rc8 27. Bb7 Rcd8 28. Kf3 Rfe8 29. Bc6 Rf8 30. Ke2 Rc8 31. Bb7 Rcd8 32. Rxd8 Rxd8 33. Rd1 Rxd1 34. Kxd1 Kf8 35. Kc2 Ne8 36. Bc6 Nd6 37. Kb3 f6 38. Ka4 Nc4 39. b3 Na3 40. e4 Nb1 41. Kb5 Nc3+ 42. Ka6 Nxa2 43. f3 Nb4+ 44. Kb7 Nc2 45. Bc7 Nd4 46. Bd5 Nxf3 47. Bxb6 Bb4 48. Ka6 Ng5 49. Bxa5 Bd6 50. h4 Nf3 51. h5 Ke7 52. Bc4 Ng5 53. Bd5 Nf3 54. b4 Ne5 55. b5 Nxg4 56. b6 Ne3 57. b7 Bb8 58. Bb4+ Ke8 59. Bc5 Ng4 60. Bc6+ Kf7 61. Bd5+ Ke8 62. Be6 Ne5 63. Ba7 Bd6 64. b8Q+ Bxb8 65. Bxb8 Ke7 66. Bf5 Nf3 67. Kb5 Kf7 68. Bg3 Kg8 69. Kc6 Kh8 70. Kd6 Ng5 71. Ke7 Nf3 72. Kf7 Ng5+ 73. Kf8 Nf3 74. Bf2 Ng5 75. Bd4 Nf3 76. Bc3 Nh4 77. Bg6 Nf3 78. Bb2 Ng5 79. e5 fxe5 80. Bxe5 Ne6+ 81. Ke7 Ng5 82. Bf7 Nh7 83. Bd5 Nf6 84. Bf3 Kg8 85. Bd1 Nh7 86. Bb3+ Kh8 87. Kf7 Nf6 88. Kg6 Ne8 89. Bf7 Nf6 90. Ba1 Nxh5 91. Kxh5 Kh7 92. Bg6+ Kg8 93. Bb1 Kf7 94. Ba2+ Kf8 95. Kg6 Ke7 96. Bxg7 h5 97. Kxh5 1-0

[Event "EU Union-ch"]
[Site "Cork"]
[Date "2005.03.23"]
[Round "2"]
[White "Quinn, Mark"]
[Black "Joentausta, Hannu"]
[Result "1-0"]
[WhiteElo "2395"]
[BlackElo "2162"]
[PlyCount "81"]
[EventDate "2005.03.22"]
[EventType "swiss"]
[EventRounds "10"]
[EventCountry "IRL"]
[SourceTitle "CBM 105 Extra"]
[Source "ChessBase"]
[SourceDate "2005.05.01"]
[SourceVersion "1"]
[SourceVersionDate "2005.05.01"]
[SourceQuality "1"]

1. d4 Nf6 2. c4 e6 3. Nf3 b6 4. Nc3 Bb4 5. Bg5 h6 6. Bh4 g5 7. Bg3 Ne4 8. Qc2 f5 9. e3 Bb7 10. Bd3 Bxc3+ 11. bxc3 d6 12. d5 exd5 13. Nd4 Qf6 14. f3 Nxg3 15. hxg3 Nd7 16. cxd5 Bxd5 17. Bxf5 Nc5 18. Rd1 Bb7 19. Bg6+ Kf8 20. 0-0 Kg7 21. Bh5 Rhf8 22. e4 Kh8 23. c4 Qe5 24. Kh2 Nxe4 25. Ne2 Nc5 26. Rfe1 Qf6 27. Nd4 Rad8 28. Re3 d5 29. cxd5 Rxd5 30. Nb5 c6 31. Nc7 Rxd1 32. Qxd1 Qd8 33. Qa1+ Qf6 34. Qe1 Bc8 35. Ne8 Qd4 36. Re7 Bd7 37. Bg6 Bxe8 38. Bxe8 Qf6 39. Rxa7 Nd3 40. Qe4 Qf5 41. Qxc6 1-0

[Event "Mikkeli We MikkSK"]
[Site "Mikkeli"]
[Date "2004.04.25"]
[Round "4"]
[White "Joentausta, Hannu"]
[Black "Ivanov, Sergey B"]
[Result "0-1"]
[WhiteElo "2162"]
[BlackElo "2311"]
[PlyCount "74"]
[EventDate "2004.04.24"]
[EventType "swiss"]
[EventRounds "5"]
[EventCountry "FIN"]
[SourceTitle "EXT 2009"]
[Source "ChessBase"]
[SourceDate "2008.11.26"]
[SourceVersion "1"]
[SourceVersionDate "2008.11.26"]
[SourceQuality "1"]

1. e4 c5 2. Nf3 Nc6 3. d4 cxd4 4. Nxd4 Nf6 5. Nc3 e5 6. Ndb5 d6 7. Bg5 a6 8. Na3 b5 9. Nd5 Be7 10. Bxf6 Bxf6 11. g3 Bg5 12. Bg2 0-0 13. 0-0 Ne7 14. c4 Nxd5 15. Qxd5 Be6 16. Qd3 bxc4 17. Nxc4 Bxc4 18. Qxc4 Qb6 19. h4 Bd2 20. Qc2 Bb4 21. Bh3 Bc5 22. Rac1 Rab8 23. b3 g6 24. h5 Qd8 25. Kg2 Qg5 26. Qe2 a5 27. Rc2 Rb4 28. hxg6 hxg6 29. Rc4 Kg7 30. f4 exf4 31. Rxf4 Rxc4 32. Qxc4 Qe5 33. Qe2 Qd4 34. Rf1 Re8 35. Qf3 Qxe4 36. Qxe4 Rxe4 37. a4 Re2+ 0-1